Asset management : (رقم التسجيلة. 21998)

تفاصيل مارك
000 -الفاتح
حقل البيانات ثابتة الطول 00630cam a22002174a 4500
001 - رقم الضبط
رقم الضبط ocn490163099
003 - محدد رقم الضبط
رقم الضبط OSt
005 - وقت وتاريخ اخر تعامل مع التسجيلة
رقم الضبط 20150408114020.0
008 - عناصر البيانات ثابتة الطول - معلومات عامة
حقل البيانات ثابتة الطول 100312s2010 enka 001 0 eng d
020 ## - الرقم الدولى المعيارى للكتب
الرقم الدولى المعيارى للكتاب 0727736531
020 ## - الرقم الدولى المعيارى للكتب
الرقم الدولى المعيارى للكتاب 9780727736536
040 ## - مصدر الفهرسة
وكالة الفهرسة الأصلية YDXCP
وكالة النسخ YDXCP
وكالة التعديل HUA
082 ## - رقم تصنيف ديوى العشرى
رقم الطبعة 21
رقم التصنيف 332.6
092 ## - رقم استدعاء ديوى المحلى
رقم التصنيف 332.6
رقم المادة A84
245 00 - بيان العنوان
العنوان Asset management :
بقية العنوان whole-life management of physical assets /
بيان المسئوليه,etc edited by Chris Lloyd.
260 ## - PUBLICATION, DISTRIBUTION, ETC. (IMPRINT)
مكان الناشر او الموزع London :
اسم الناشر او الموزع Thomas Telford,
تاريخ النشر أو التوزيع 2010.
300 ## - الوصف المادى
التعداد xxii, 242 p. :
تفاصيل ماديه اخرى للوعاء ill. ;
أبعاد الوعاء 21 cm.
650 #0 - المدخل الاضافى بالموضوع-مصطلح موضوعى
مصطلح موضوعي أو اسم جغرافي كعنصر مدخل Portfolio management.
9 (RLIN) 12017
700 1# - المدخل الاضافى - اسم شخصى
الإسم الشخصى Lloyd, Chris.
9 (RLIN) 12018
942 ## - عناصر المدخل الإضافي( كوها)
مصدر التصنيف او مخطط الترفيف Dewey Decimal Classification
Koha [default] item type كتاب
المقتنيات
حالة الفقد نموذج السعر الفعال حالة تلف ليس للاعارة رقم الطلب تاريخ الاكتساب الموقع الحالي الباركود الفرع الرئيسي Date last seen نوع المادة فى نظام كوها مصدر التصنيف او خطة الترفيف Total Checkouts
  2013-03-10     332.6 A S M 2012-04-27 المكتبة المركزية بالمجمعة (CL) 00085499 المكتبة المركزية بالمجمعة (CL) 2013-03-10 كتاب Dewey Decimal Classification  
  2013-03-10     332.6 A S M 2012-04-27 المكتبة المركزية بالمجمعة (CL) 00085500 المكتبة المركزية بالمجمعة (CL) 2013-03-10 كتاب Dewey Decimal Classification  
  2013-03-10     332.6 A S M 2012-04-27 المكتبة المركزية بالمجمعة (CL) 00085487 المكتبة المركزية بالمجمعة (CL) 2013-03-10 كتاب Dewey Decimal Classification